000 00577nam a2200181Ia 4500
008 090630s9999 xx 000 0 und d
082 _b25984
100 _aपाटील देवदत्त.
245 _aव्याध.
_cपाटील देवदत्त.
260 _bश्री नवदुर्गा.
_c2006
300 _a400
600 _aपाटील देवदत्त.
630 _aव्याध.
655 _aकादंबरी.
700 _aपाटील देवदत्त.
730 _aव्याध.
942 _cBOOK
999 _c277840
_d277840